00737nam a2200217 a 4500001000200000003000400002005001700006008002900023040002600052082002400078100003400102245010800136250000600244260010400250300002000354490004300374650002300417650002100440650002900461650002900490 OSt20250513095545.0130823s2004 pr 000 0 spa d aDO-SdBPMbspacBPMSU  4a170bV722d 20042221 aVillarini Jusino, Ángel R. 10aDesarrollo de la conciencia moral y ética :bteoría y práctica /cÁngel R. Villarini Jusino  a  aRío Piedras, Puerto Rico :bOrganización para el Fomento del Desarrollo del Pensamiento,c2004 a123 p ;c22 cm.0 aBiblioteca del pensamiento crítico,  4aConciencia (Moral) 4aValores sociales 4aConducta (Ética)v x  4aValores (Filosofía)v